| 000 | 00617nam a2200193 a 4500 | ||
|---|---|---|---|
| 005 | 20210219153401.0 | ||
| 008 | 991125n 000 0 u | ||
| 035 | _aUPN01000095519 | ||
| 100 | _aHERRMAN, Ulrich | ||
| 222 |
_aEDUCACION : _bCOLECCION SEMESTRAL DE APORTACIONES ALEMANAS RECIENTES EN LAS CIENCIAS PEDAGOGICAS |
||
| 245 | _a¿Qué significa juventud?: concepciones sobre la juventud en la historia social alemana | ||
| 300 | _a95-112 | ||
| 362 | _a1985 Vol. 32 | ||
| 653 | 0 | _aJUVENTUD | |
| 653 | 0 | _aREPUBLICA FEDERAL DE ALEMANIA | |
| 653 | 0 | _aSOCIEDAD | |
| 904 |
_aAC _b033330 |
||
| 905 | _aArticulo | ||
| 999 |
_c75541 _d75541 |
||